| 000 | 00704nam a2200217 4500 | ||
|---|---|---|---|
| 001 | 109353 | ||
| 003 | ES-MaACL | ||
| 005 | 20230906184827.0 | ||
| 007 | t| | ||
| 008 | 061121s1967 sp r ||||1| spa d | ||
| 100 | 1 |
_aMuirden, James. _984085 |
|
| 245 | 1 | 0 |
_aIniciación a la astronomía / _cJames Muirden; revisión y adaptación de P. Mateu Sancho; traducción de Miguel Montaner, F. Borill Soligner. |
| 250 | _a1ª. ed. | ||
| 260 |
_aBarcelona : _bOikos-Tau, _c1967. |
||
| 300 |
_a353 p. : _bil. ; _c21 cm. |
||
| 700 | 1 |
_aMateu Sancho, P. _979007 |
|
| 700 | 1 |
_aMontaner, Miguel. _9199189 |
|
| 700 | 1 |
_aBorill Soligner, F. _930487 |
|
| 852 |
_aES-MaACL _jC-34414 _bR.65261 |
||
| 999 |
_c109353 _d109353 |
||